| 000 | 00375nam a22001697a 4500 | ||
|---|---|---|---|
| 005 | 20160530094040.0 | ||
| 008 | 160530b xxu||||| |||| 00| 0 eng d | ||
| 020 | _a0-07-04945-1 | ||
| 041 | _aeng | ||
| 082 | _b5876 | ||
| 100 |
_aHair, Bush and others _91468 |
||
| 245 | _aMarketing Research | ||
| 260 | _bTMH | ||
| 300 | _a645 | ||
| 650 |
_aManagement _9241 |
||
| 942 | _cBK | ||
| 999 |
_c2083 _d2082 |
||